|
|
|
|
| LEADER |
00000nam2a2200000 4500 |
| 001 |
44404 |
| 005 |
20231101210858.0 |
| 010 |
|
|
|a 506003965X
|
| 035 |
|
|
|a (RuTPU)RU\TPU\book\46078
|
| 090 |
|
|
|a 44404
|
| 100 |
|
|
|a 20021113d2001 m y0rusy50 ca
|
| 101 |
0 |
|
|a rus
|
| 102 |
|
|
|a RU
|
| 105 |
|
|
|a a j 001zy
|
| 200 |
0 |
|
|a Кн. 2: Количественный анализ. Физико-химические ( инструментальные ) методы анализа
|
| 210 |
|
|
|d 2001
|
| 215 |
|
|
|a 559 с.
|c ил.
|
| 320 |
|
|
|a Библиогр.: с. 516-517.
|
| 320 |
|
|
|a Предм. указ.: с. 546-551.
|
| 320 |
|
|
|a Указ. имен: с. 552.
|
| 461 |
|
1 |
|0 (RuTPU)RU\TPU\book\42233
|y 5-06-003966-8
|t Аналитическая химия: Аналитика
|o В 2-х кн.
|o Учебник для вузов
|f Ю. Я. Харитонов
|v Кн. 2: Количественный анализ. Физико-химические ( инструментальные ) методы анализа
|d 2001-
|s Федеральная целевая программа книгоиздания России
|
| 606 |
1 |
|
|a Аналитическая химия
|2 stltpush
|3 (RuTPU)RU\TPU\subj\67454
|9 83247
|
| 610 |
1 |
|
|a аналитика
|
| 610 |
1 |
|
|a количественный анализ
|
| 610 |
1 |
|
|a гравиметрический анализ
|
| 610 |
1 |
|
|a титрование
|
| 610 |
1 |
|
|a оптические методы
|
| 610 |
1 |
|
|a хроматография
|
| 610 |
1 |
|
|a электрохимические методы
|
| 610 |
1 |
|
|a учебники
|
| 675 |
|
|
|a 543(075.8)
|v 3
|
| 801 |
|
1 |
|a RU
|b 63413507
|c 20021113
|g PSBO
|
| 801 |
|
2 |
|a RU
|b 63413507
|c 20210630
|g PSBO
|
| 900 |
|
|
|a Аналитическая химия
|
| 942 |
|
|
|c BK
|
| 952 |
|
|
|a 510500
|b 011000
|